LEADER 01502nam a2200361 a 4500 001 000000161082 003 CaOOAMICUS 005 20170605105716.0 008 170605s2017 it u000 u ita r 020 $a978-88-14-21654-1* 032 $aLibriCat 040 $aPUL$bita 082 $a348.45 110 1 $aItalia.$0(OLS)http://pul/name/1188 240 10$aCodice civile (2017).$0(OLS)http://pul/title/198393 245 10$aCodice civile /$cdiretto da Fabrizio Di Marzio ; commentato e aggiornato in dejure con Francesco Agnino ... [et al.]. 250 $aEd. integrale online. 260 $aMilano :$bGiuffrè,$c2017. 300 $aXXXIII, 3936 p. ;$c25 cm. 490 1 $aI codici commentati 500 $aTesto su due colonne. 630 04$aCodice civile$zItalia.$0(OLS)http://pul/subject/33346 700 1 $aDi Marzio, Fabrizio,$d1965-$0(OLS)http://pul/name/69476 700 1 $aAgnino, Francesco.$0(OLS)http://pul/name/97424 830 2$aI codici commentati (Giuffrè).$0(OLS)http://pul/title/192430 850 $aPUL 852 $aPUL$W1$xDP2 Diritto e Scienze Sociali 3$y110$m348. 45 COD 5.21$j185034$qDDC 21$B188230$CPULBib$Z2$F188230 $H129731 $81 941 1 $a9 996 $6020$a978-88-14-21654-1*$9(OLS)http://pul/number/162798 996 $6082$a348.45$9(OLS)http://pul/classification/373 996 $6245$aCodice civile$9(OLS)http://pul/title/173290 996 $6260$aMilano :$bGiuffrè$9(OLS)http://pul/publisher/48401 LEADER 03011naa a2200397 a 4500 001 000000126145 003 CaOOAMICUS 005 20110727100309.0 008 110725s1570 it u001 u lat r 026 $a1818 0505$benn- eses (3)$c1570 (R)$dT. 6 pt. 1 026 $aut14 07ui$bi-am cusu (3)$c1570 (R)$dT. 6 pt. 2 026 $au,o- emm,$bemad tifi (3)$c1570 (R)$dT. 7 pt. 1 026 $aloV. e.m.$ba,na dust (7)$c1570 (R)$dT. 7 pt. 2 040 $aPUL$bita 100 1 $aThomas Aquinas,$cs.,$d c.1225-1274.$0(OLS)http://pul/name/72782 240 10$aIn quattuor libros Sententiarum P. Lombardi$f1570.$0(OLS)http://pul/title/159256 245 10$aD. Thomae Aquinatis doctoris angelici, scriptum complectens in primum [-quartum] sententiarum magistri Petri Lombardi quorum distinctiones, ac quaestiones sequens index ostendit. 246 30$aIn primum [-quartum] sententiarum magistri Petri Lombardi 260 $aRomae :$b(apud Iulium Accoltum),$c1570$aRomae :$b(apud haeredes Antonij Bladi, et Ioannem Osmarinum Liliotum socios) 300 $a2t. ([6], 146, [6], 147, [1] c. ; [6], 152, [8], 269 c.):$britr. ;$cfol. (33 cm). 500 $aImpaginazione a commentario. 500 $aSegnature: [croce latina]6 A-R8 S10 (T. 6 pt. 1) ; [croce latina]6 A-S8 T4 (T. 6 pt. 2) ; [croce latina]6 A-T8 (T. 7 pt. 1) ; [croce latina]8 A-Z8 A-2K8 2L6 (T. 7 pt. 2). 500 $aInclude indici. 500 $aIniziali e fregi xil. 500 $aPresenza di registro in fine a ciascuna parte. 500 $aMarca tipografica in fine al T. 6: Aquila coronata che stringe negli artigli un pavese, sotto, una targa con la scritta A. BLA. IMPRESS. CAM. Intorno una corona di alloro entro un rettangolo con tralci di uva e pampini. (V196). 505 0 $aT.1: D. Thomae Aquinatis doctoris angelici, scriptum complectens in primum et secundum sententiarum magistri Petri Lombardi ... -- t.2: D. Thomae Aquinatis doctoris angelici, scriptum complectens in tertium et quartum sententiarum magistri Petri Lombardi ... 662 $aItalia$dRoma.$0(OLS)http://pul/subject/34878 710 0 $aAccolti, Giulio$4pbl.$0(OLS)http://pul/name/71446 710 0 $aBlado, Antonio eredi et Gigliotti, Giovanni.$0(OLS)http://pul/name/72788 773 1 $aThomas Aquinas, s., c.1225-1274 .$tDivi Thomae Aquinatis ... Opera omnia ..$dRomae : (apud haeredes Antonij Bladi, et Ioannem Osmarinum Liliotum socios), 1569-1571 Romae : (apud Iulium Accoltum) $w()116921 996 $6246$aIn primum [-quartum] sententiarum magistri Petri Lombardi$9(OLS)http://pul/title/159287 996 $6245$aD. Thomae Aquinatis doctoris angelici, scriptum complectens in primum [-quartum] sententiarum magistri Petri Lombardi quorum distinctiones, ac quaestiones sequens index ostendit$9(OLS)http://pul/title/159257 996 $6260$aRomae :$b(apud Iulium Accoltum)$9(OLS)http://pul/publisher/81648 996 $6260$aRomae :$b(apud haeredes Antonij Bladi, et Ioannem Osmarinum Liliotum socios)$9(OLS)http://pul/publisher/80606